Harry Potter 1: “Movie Words You Can SEE” Quiz Stats

 Plays Quiz Updated Apr 8, 2019

Score 0/25 Timer 08:00
13 Plays Today
% Correct
Dursley
94.7%
Privet Drive
81.9%
Witchcraft and Wizardry
81.2%
The Cupboard under the Stairs
78.4%
Chocolate Frog
75.2%
Nimbus 2000
74.4%
GRINGOTTS BANK
74.2%
THE LEAKY CAULDRON
73.3%
9 3|4
73%
HAPPEE BIRTHDAE HARRY
71.2%
R
69.3%
ALBUS DUMBLEDORE
67.3%
713
65.9%
% Correct
Use it well
64.1%
Reptile House
62.5%
SLYTHERIN
62.2%
Bred in captivity
61.5%
382
56%
SEEKER
55.7%
Ensnare the senses
55.3%
Bewitch the mind
53.3%
Gringotts' Security Breached
52.4%
HOGSMEADE
47%
ONE WAY travel
37.5%
5972
32.1%

You're not logged in!

Compare scores with friends on all Sporcle quizzes.
OR
Log In

Show Comments

Extras

Top Quizzes Today


Score Distribution

Your Account Isn't Verified!

In order to create a playlist on Sporcle, you need to verify the email address you used during registration. Go to your Sporcle Settings to finish the process.

Report this User

Report this user for behavior that violates our Community Guidelines.

Details: